ActivePerl developer' s guide /

שמור ב:
מידע ביבליוגרפי
מחבר ראשי: Brown, Martin C.
פורמט: Sách giấy
שפה:English
יצא לאור: New York : McGraw-Hill , 2000
תגים: הוספת תג
אין תגיות, היה/י הראשונ/ה לתייג את הרשומה!
Thư viện lưu trữ: Thư viện Trường Đại học Đà Lạt
LEADER 00556nam a2200241 4500
001 DLU020019444
005 ##1/4/2002
020 # # |a 978- 
041 # # |a eng 
082 # # |a 005.133  |b BR-M 
100 # # |a Brown, Martin C. 
245 # # |a ActivePerl developer' s guide /  |c Martin C. Brown 
260 # # |a New York :  |b McGraw-Hill ,  |c 2000 
300 # # |a 888 tr., XX;   |c 23 cm. 
992 # # |a 902310 
994 # # |a DLU 
900 # # |a False 
911 # # |a Administrator 
925 # # |a G 
926 # # |a A 
927 # # |a SH 
980 # # |a Thư viện Trường Đại học Đà Lạt